| 000 | 00395nam a22001577a 4500 | ||
|---|---|---|---|
| 003 | OSt | ||
| 005 | 20160302115603.0 | ||
| 008 | 160302b xxu||||| |||| 00| 0 eng d | ||
| 020 | _a013246182x | ||
| 040 | _cN/A | ||
| 100 | _aMUSSER G ARY L. | ||
| 245 |
_aMathematics for elementary teachers _bA contemporary approach |
||
| 250 | _a4th ed | ||
| 260 |
_bprentice -hall _c1997 |
||
| 942 |
_2lcc _cBK |
||
| 999 |
_c252712 _d252711 |
||